<?xml version="1.0" encoding="UTF-8"?>
<record
    xmlns:xsi="http://www.w3.org/2001/XMLSchema-instance"
    xsi:schemaLocation="http://www.loc.gov/MARC21/slim http://www.loc.gov/standards/marcxml/schema/MARC21slim.xsd"
    xmlns="http://www.loc.gov/MARC21/slim">

  <leader>00917nam a2200229Ia 4500</leader>
  <datafield tag="952" ind1=" " ind2=" ">
    <subfield code="0">0</subfield>
    <subfield code="1">0</subfield>
    <subfield code="4">0</subfield>
    <subfield code="7">0</subfield>
    <subfield code="a">19</subfield>
    <subfield code="b">19</subfield>
    <subfield code="d">2015-01-05</subfield>
    <subfield code="l">0</subfield>
    <subfield code="o">KGF1149 M45</subfield>
    <subfield code="p">19 000516</subfield>
    <subfield code="r">2013-09-13</subfield>
    <subfield code="t">1</subfield>
    <subfield code="w">2013-09-13</subfield>
    <subfield code="y">LB</subfield>
  </datafield>
  <datafield tag="952" ind1=" " ind2=" ">
    <subfield code="0">0</subfield>
    <subfield code="1">0</subfield>
    <subfield code="4">0</subfield>
    <subfield code="7">0</subfield>
    <subfield code="a">19</subfield>
    <subfield code="b">19</subfield>
    <subfield code="d">2014-09-18</subfield>
    <subfield code="l">0</subfield>
    <subfield code="o">KGF1149 M45</subfield>
    <subfield code="p">19 001655</subfield>
    <subfield code="r">2014-09-18</subfield>
    <subfield code="t">2</subfield>
    <subfield code="w">2014-09-18</subfield>
    <subfield code="y">LB</subfield>
  </datafield>
  <datafield tag="999" ind1=" " ind2=" ">
    <subfield code="c">78109</subfield>
    <subfield code="d">78109</subfield>
  </datafield>
  <controlfield tag="005">20231102151231.0</controlfield>
  <controlfield tag="008">180309s2008    mx ||||| |||| 00| 0 spa d</controlfield>
  <datafield tag="020" ind1=" " ind2=" ">
    <subfield code="a">9709849743</subfield>
  </datafield>
  <datafield tag="050" ind1=" " ind2=" ">
    <subfield code="a"> KGF1149</subfield>
    <subfield code="b">M45</subfield>
  </datafield>
  <datafield tag="100" ind1=" " ind2=" ">
    <subfield code="a">Men&#xE9;ndez Romero, Fernando</subfield>
    <subfield code="e">autor</subfield>
  </datafield>
  <datafield tag="245" ind1="0" ind2="0">
    <subfield code="a">Derecho bancario y burs&#xE1;til</subfield>
    <subfield code="c">/ Fernando Men&#xE9;ndez Romero</subfield>
  </datafield>
  <datafield tag="260" ind1=" " ind2=" ">
    <subfield code="a">M&#xE9;xico</subfield>
    <subfield code="b">: IURE</subfield>
    <subfield code="c">, 2008</subfield>
  </datafield>
  <datafield tag="300" ind1=" " ind2=" ">
    <subfield code="a">629 p&#xE1;ginas</subfield>
  </datafield>
  <datafield tag="500" ind1=" " ind2=" ">
    <subfield code="a">Plan Flexible
Derecho / Derecho bancario y bursatil (P14-2) / (19 000516)
</subfield>
  </datafield>
  <datafield tag="519" ind1=" " ind2=" ">
    <subfield code="a">Educaci&#xF3;n Mixta / </subfield>
    <subfield code="b">Derecho / </subfield>
    <subfield code="c">Derecho bancario y bursatil (P14-1) / </subfield>
    <subfield code="d">(19 001655)</subfield>
  </datafield>
  <datafield tag="650" ind1=" " ind2=" ">
    <subfield code="a">DERECHO BANCARIO</subfield>
    <subfield code="z">M&#xC9;XICO</subfield>
    <subfield code="9">8676</subfield>
  </datafield>
  <datafield tag="650" ind1=" " ind2=" ">
    <subfield code="a">BOLSA DE VALORES</subfield>
    <subfield code="x">LEYES Y LEGISLACI&#xD3;N</subfield>
    <subfield code="z">M&#xC9;XICO</subfield>
    <subfield code="9">30277</subfield>
  </datafield>
  <datafield tag="650" ind1=" " ind2=" ">
    <subfield code="a">SECRETARIA DE HACIENDA Y CR&#xC9;DITO P&#xDA;BLICO (SHCP)</subfield>
    <subfield code="y">HISTORIA</subfield>
  </datafield>
  <datafield tag="650" ind1=" " ind2=" ">
    <subfield code="a">COMISI&#xD3;N NACIONAL BANCARIA Y DE VALORES (CNBV)</subfield>
    <subfield code="y">HISTORIA</subfield>
  </datafield>
  <datafield tag="650" ind1=" " ind2=" ">
    <subfield code="a">BANCO DE M&#xC9;XICO (BdeM)</subfield>
    <subfield code="y">HISTORIA</subfield>
  </datafield>
  <datafield tag="942" ind1=" " ind2=" ">
    <subfield code="c">LB</subfield>
  </datafield>
</record>
